[Event "Canovelles op-A"]
[Site "Canovelles"]
[Date "1999.??.??"]
[Round "3"]
[White "Recoder Creus, Jordi"]
[Black "Garcia Cano, Antonio"]
[Result "0-1"]
[WhiteElo "2045"]
[BlackElo "2345"]
[PlyCount "52"]
[EventDate "1999.??.??"]
[EventType "swiss"]
[EventRounds "9"]
[EventCountry "ESP"]
[SourceTitle "EXT 2000"]
[Source "ChessBase"]
[SourceDate "1999.11.16"]
[SourceVersion "1"]
[SourceVersionDate "1999.11.16"]
[SourceQuality "1"]

1. e4 e5 2. Nf3 d6 3. d4 exd4 4. Nxd4 Nf6 5. Nc3 Be7 6. Be2 0-0 7. Bf4 a6 8. Qd3 Nbd7 9. Nb3 Ne5 10. Bxe5 dxe5 11. 0-0-0 Qxd3 12. Rxd3 c6 13. f3 Be6 14. g4 a5 15. Kb1 b5 16. Nc1 Nd7 17. h4 Nc5 18. Re3 b4 19. Nd1 a4 20. c3 Rfb8 21. cxb4 Rxb4 22. Nd3 Nxd3 23. Rxd3 a3 24. b3 c5 25. Ka1 c4 26. bxc4 Bxc4 0-1

[Event "Centelles op"]
[Site "Centelles"]
[Date "1996.09.14"]
[Round "2"]
[White "Recoder Creus, Jordi"]
[Black "Creixans Pons, Josep Maria"]
[Result "1-0"]
[WhiteElo "2020"]
[BlackElo "2065"]
[PlyCount "63"]
[EventDate "1996.09.07"]
[EventType "swiss"]
[EventRounds "8"]
[EventCountry "ESP"]
[SourceTitle "EXT 2003"]
[Source "ChessBase"]
[SourceDate "2002.11.25"]
[SourceVersion "1"]
[SourceVersionDate "2002.11.25"]
[SourceQuality "1"]

1. e4 Nf6 2. e5 Nd5 3. Nf3 d6 4. d4 dxe5 5. Nxe5 g6 6. Qf3 Be6 7. c3 Bg7 8. Nd3 Nd7 9. Be2 c6 10. Nd2 N7f6 11. h3 Nc7 12. Nf4 Bf5 13. Bc4 Nfd5 14. Ne4 b5 15. Bb3 0-0 16. Nd3 a5 17. a4 Re8 18. 0-0 Nf6 19. Nxf6+ exf6 20. Nc5 Bd7 21. Bf4 Ne6 22. Nb7 Qb6 23. Nd6 Re7 24. Be3 Qb8 25. Ne4 h6 26. Nxf6+ Bxf6 27. Qxf6 Qf8 28. axb5 cxb5 29. d5 Nc7 30. Bd4 Kh7 31. Bc5 Rae8 32. Bxe7 1-0